000 00743nam a2200253Ia 4500
003 OSt
005 20221007072136.0
006 a|||||r|||| 00| 0
007 ta
008 221006b |||||||| |||| 00| 0 eng d
024 _a46,181
037 _cTextual
040 _aFLL
_cFLL
_beng
041 _2eng
_aeng
082 _aQ7, Q7
100 _aMASSOUMI Narzanin Ed.
_9599348
245 0 _aWhat is islamophobia?
_b racism, social movements and the state
260 _aLondon
_bPluto Press UK
_c2017
300 _a286p. xiv
_ccm.
700 _a MILLER David Ed.
700 _a MILLS Tom Ed.
_9599349
942 _hQ7, Q7
_cTEXL
_2CC
999 _c1145300
_d1145300